000 00682nam a2200241Ia 4500
003 OSt
005 20220918222327.0
006 a|||||r|||| 00| 0
007 ta
008 220917b |||||||| |||| 00| 0 eng d
024 _a216,417
037 _cTextual
040 _aARTS
_cARTS
_beng
041 _2eng
_aeng
082 _aZ(W),17, N7
100 _aFaundez Julio Ed.
_9130456
245 0 _aGood government and law
_b legal and institutional reform in developing countries
260 _aLondon
_bMacmillan press
_c1997
300 _axi, 286p
_ccm.
650 _aLAW
_97240
942 _hZ(W),17, N7
_cTEXL
_2CC
999 _c275156
_d275156